| 000 | 00727nam a2200193 a 4500 | ||
|---|---|---|---|
| 003 | 0 | ||
| 005 | 20250312113812.0 | ||
| 008 | 090709s19uu xx 00 eng d | ||
| 050 |
_aPHS BF 575.A5 _b.Ue22 2009 |
||
| 100 | _aUeno, Anrie May O. | ||
| 245 |
_aThe Relationship of anger management to academic performance of teen agers / _cAnrie May O. Ueno. |
||
| 260 |
_aLas PiƱas City, Philippines : _bSouthville International School and Colleges, _c2009. |
||
| 300 |
_a21 pages : _billustrations ; _c28 cm. |
||
| 504 | _aIncludes bibliographical references. | ||
| 650 | _aAnger in adolescence. | ||
| 650 |
_aAnger management. _xStudy and teaching. |
||
| 650 |
_aAcademic achievement _xPsychological aspects. |
||
| 942 |
_2lcc _cPASS |
||
| 999 |
_c98279 _d98279 |
||